Biologie générale (notice nᵒ 16962)
[ vue normale ]
| 000 -LEADER | |
|---|---|
| fixed length control field | 00448nam a2200169Ia 4500 |
| 008 - FIXED-LENGTH DATA ELEMENTS--GENERAL INFORMATION | |
| fixed length control field | 160105s9999 xx 000 0 und d |
| 041 ## - LANGUAGE CODE | |
| Language code of text/sound track or separate title | fre |
| 245 ## - TITLE STATEMENT | |
| Title | Biologie générale |
| 260 ## - PUBLICATION, DISTRIBUTION, ETC. | |
| Place of publication, distribution, etc | Paris |
| 260 ## - PUBLICATION, DISTRIBUTION, ETC. | |
| Name of publisher, distributor, etc | Expansion scientifique française |
| 260 ## - PUBLICATION, DISTRIBUTION, ETC. | |
| Date of publication, distribution, etc | 1975 |
| 300 ## - PHYSICAL DESCRIPTION | |
| Other physical details | ill. |
| 654 ## - SUBJECT ADDED ENTRY--FACETED TOPICAL TERM | |
| General subdivision | BIOLOGIE/CYTOLOGIE/IMMUNITE/SANG/BIOSYNTHESE/HEMOLYSE |
| 942 ## - ADDED ENTRY ELEMENTS (KOHA) | |
| Koha item type | Ouvrage |
| 994 ## - | |
| -- | 117551 |
| Withdrawn status | Lost status | Damaged status | Use restrictions | Not for loan | Home library | Current library | Cost, normal purchase price | Shelving control number | Total Checkouts | Total Renewals | Total Holds | Full call number | Barcode | Cost, replacement price | Koha item type |
|---|---|---|---|---|---|---|---|---|---|---|---|---|---|---|---|
| Bibliothèque Centrale | Bibliothèque Centrale | 0.00 | BC_352 77/A | BC_352 77/A | 0.00 | Ouvrage | |||||||||
| Bibliothèque Centrale | Bibliothèque Centrale | 0.00 | BC_352 77/B | BC_352 77/B | 0.00 | Ouvrage | |||||||||
| Bibliothèque Centrale | Bibliothèque Centrale | 0.00 | BC_352 77/C | BC_352 77/C | 0.00 | Ouvrage | |||||||||
| Bibliothèque Centrale | Bibliothèque Centrale | 0.00 | BC_352 77/D | BC_352 77/D | 0.00 | Ouvrage | |||||||||
| Bibliothèque Centrale | Bibliothèque Centrale | 0.00 | BC_352 77/E | BC_352 77/E | 0.00 | Ouvrage |